000 01464nam a22003017a 4500
001 5420
003 FISKH
005 20241219104955.0
008 241204b cb ||||| |||| 00| 0 eng d
020 _a9780439693899
040 _aFISKH
_beng
_cFISKH
_dFISKH
050 _aRA644.Y4
082 _a614.541097481109033
100 _aMurphy, Jim
245 _aAn American plague :
_bThe true and terrifying story of the yellow fever epidemic of 1793 /
_cby Jim Murphy
250 _aFirst Scholastic paperback printing, October 2006
260 _aNew York :
_bScholastic ;
_c2003.
300 _a165 pages :
_billustrations, maps ;
_c22 cm .
505 _aZ
520 _aIt's 1793, and there's an invisible killer roaming the streets of Philadelphia. The city's residents are fleeing in fear. This killer has a name--yellow fever--but everything else about it is a mystery. Its cause is unknown and there is no cure. This powerful dramatic account by award-winning author Jim Murphy traces the devastating course of the epidemic. An American Plague offers a fascinating glimpse into the conditions in American cities at the time of our nation's birth while drawing thought-provoking parallels to modern-day epidemics.
521 8 _a1130
_bLexile
521 8 _aZ
_bRaz-Plus
650 _adisease
_vNon-fiction
650 _aPhiladelphia
_vNon-fiction
700 _aWatts, Trish Parcell
_eBook designer
942 _2ddc
_cBK
_n0
999 _c5420
_d5420